000 00479nam a2200193Ia 4500
008 151121s9999||||xx |||||||||||||| ||und||
082 _a823ред9/Clo
082 _bHNW-41551
100 _aCloete Stuart
245 4 _aThe writing on the wall
260 _b"St james's place, London"
260 _c--
300 _a256
600 _aCloete Stuart
630 _aThe writing on the wall
700 _aCloete Stuart
730 _aThe writing on the wall
942 _cBOOK
999 _c1230468
_d1230465